Odgadnij rok wydarzenia historycznego - Statystyki

Ogólne statystyki
  • Ten quiz został rozwiązany 48 razy
  • Średni wynik to 19 z 31
Statystyki odpowiedzi
Hint Odpowiedź % Poprawnych
Chrzest Polski 966
93%
Bitwa pod Grunwaldem 1410
89%
Koniec II wojny światowej 1945
89%
Odzyskanie niepodległości przez Polske 1918
86%
Początek II wojny światowej 1939
86%
Zjazd gnieźnieński 1000
84%
Początek I Wojna Światowa 1914
84%
Dojście Hitlera do władzy 1933
80%
Ataki na World Trade Center 2001
77%
Odkrycie Ameryki przez Kolumba 1492
75%
Upadek muru Berlinskiego 1989
75%
Lądowanie na księżycu 1969
73%
Brexit 2020
73%
Początek wojny w Korei 1953
70%
Początek zimnej wojny 1947
68%
Początek Wielkiego kryzysu gospodarczego 1929
64%
Początek wojny w Wietnamie 1955
57%
Upadek Konstantynopola 1453
55%
Deklaracja niepodległości USA 1776
55%
Początek rewolucji Francuskiej 1789
52%
Bitwa pod Waterloo 1815
52%
Upadek Rzymu 476
52%
Reformacja Marcina Lutera 1517
48%
Powstanie Rzymu -753
43%
Wynalezienie druku 1450
41%
Początek I wojny Bałkańskiej 1912
41%
Koronowanie Karola Wielkiego na Cesarza 800
36%
Bitwa pod Maratonem -490
20%
Początek cesarstwa Rzymskiego 27
18%
Powstanie cywilizacji sumerskiej -3500
14%
Wystąpienie Karola Darwina z teorią ewolucji 1859
5%
Nie znaleziono quizów pasujących do podanych kryteriów
Rozkład punktacji
Procent ludzi z każdym wynikiem
Percentyl według liczby udzielonych odpowiedzi
Twoja historia wyników
Nie rozwiązałeś tego quizu